[Event "US op 121st"]
[Site "Cherry Hill"]
[Date "2021.08.07"]
[Round "8"]
[White "Lodh, Anish"]
[Black "Molner, Mackenzie"]
[Result "0-1"]
[WhiteElo "1878"]
[BlackElo "2438"]
[PlyCount "100"]
[EventDate "2021.07.31"]
[EventType "swiss"]
[EventRounds "9"]
[EventCountry "USA"]
[SourceTitle "CBM 203 Extra"]
[Source "ChessBase"]
[SourceDate "2021.09.30"]
[SourceVersion "1"]
[SourceVersionDate "2021.09.30"]
[SourceQuality "1"]

1. e4 c5 2. c3 Nf6 3. e5 Nd5 4. d4 cxd4 5. Nf3 d6 6. cxd4 Nc6 7. Bc4 Be6 8. 0-0 dxe5 9. dxe5 g6 10. Qe2 Bg7 11. Rd1 Qa5 12. Bd2 Qc5 13. Na3 0-0 14. Rac1 Qb6 15. Bg5 Rfd8 16. Rd2 h6 17. Rcd1 hxg5 18. Bxd5 Bxd5 19. Rxd5 g4 20. Ng5 Nxe5 21. Nc4 Nxc4 22. Qxc4 e6 23. Rd7 Rac8 24. Qf4 Rxd7 25. Rxd7 f5 26. h3 Qxb2 27. Qe3 Qc1+ 28. Qxc1 Rxc1+ 29. Kh2 Be5+ 30. g3 Rc2 31. Rd8+ Kg7 32. Rd7+ Kf8 33. Nxe6+ Ke8 34. Rxb7 Rxf2+ 35. Kg1 Rxa2 36. hxg4 fxg4 37. Ng7+ Kf8 38. Ne6+ Kg8 39. Rb4 Ra3 40. Rxg4 Rxg3+ 41. Rxg3 Bxg3 42. Nd4 a5 43. Kg2 Be5 44. Nc2 a4 45. Kf3 Bd6 46. Ke4 Kf7 47. Kd5 Be7 48. Kc4 g5 49. Ne3 Ke6 50. Kd4 a3 0-1

[Event "North American Blitz op 30th"]
[Site "ICC INT"]
[Date "2020.12.31"]
[Round "3"]
[White "Heesters, Pieter S"]
[Black "Lodh, Anish"]
[Result "1-0"]
[WhiteElo "2007"]
[BlackElo "1912"]
[PlyCount "87"]
[EventDate "2020.12.31"]
[EventType "swiss (blitz)"]
[EventRounds "11"]
[EventCountry "USA"]
[SourceTitle "CBM 200 Extra"]
[Source "ChessBase"]
[SourceDate "2021.03.31"]
[SourceVersion "1"]
[SourceVersionDate "2021.03.31"]
[SourceQuality "1"]

1. d4 d5 2. Bf4 Nf6 3. e3 c5 4. c3 Nc6 5. Nf3 Qb6 6. Qb3 c4 7. Qc2 Bf5 8. Qc1 e6 9. h3 Be7 10. Nbd2 0-0 11. Be2 Qa5 12. a4 b5 13. axb5 Qxb5 14. b3 Na5 15. bxc4 Nxc4 16. 0-0 Qc6 17. Nxc4 dxc4 18. Ne5 Qe8 19. Nxc4 Nd5 20. Bd6 Bxd6 21. Nxd6 Qc6 22. Nxf5 exf5 23. c4 Nf6 24. Bf3 Ne4 25. c5 Rfd8 26. Qc2 a6 27. Rfb1 Rab8 28. Rxb8 Rxb8 29. Bxe4 fxe4 30. Qa2 Ra8 31. Qa4 Qxa4 32. Rxa4 Kf8 33. Kf1 Ke7 34. Ke2 Ke6 35. Kd2 Kd5 36. Kc3 f5 37. Rb4 Kc6 38. Rb6+ Kd7 39. d5 a5 40. c6+ Kd6 41. Kd4 Kc7 42. Rb7+ Kd8 43. Rxg7 a4 44. Rg8+ 1-0

[Event "USA-ch High School K12"]
[Site "Schaumburg"]
[Date "2019.03.15"]
[Round "1"]
[White "Wang, Wesley"]
[Black "Lodh, Anish"]
[Result "1-0"]
[WhiteElo "2304"]
[BlackElo "1855"]
[PlyCount "87"]
[EventDate "2019.03.15"]
[EventType "swiss"]
[EventRounds "7"]
[EventCountry "USA"]
[SourceTitle "CBM 189 Extra"]
[Source "ChessBase"]
[SourceDate "2019.06.03"]
[SourceVersion "1"]
[SourceVersionDate "2019.06.03"]
[SourceQuality "1"]

1. e4 e5 2. Nf3 Nc6 3. Bc4 Nf6 4. d3 Bc5 5. c3 d6 6. 0-0 a6 7. Re1 Ba7 8. Bb3 0-0 9. h3 h6 10. Nbd2 Nh5 11. Nf1 Qf6 12. Be3 Nf4 13. d4 Ne7 14. Bc2 g6 15. h4 Kg7 16. g3 Nh3+ 17. Kg2 g5 18. N3h2 Qe6 19. Bb3 Qg6 20. dxe5 Bxe3 21. Rxe3 gxh4 22. exd6 cxd6 23. Qd4+ Kh7 24. Rd1 Rd8 25. Rf3 f5 26. e5 f4 27. exd6 Bf5 28. Qb4 Be4 29. dxe7 Rxd1 30. Bxd1 hxg3 31. Ng4 Nxf2 32. Nxf2 gxf2+ 33. Kxf2 Bxf3 34. Bxf3 Qf6 35. Qe4+ Kg7 36. e8Q Qh4+ 37. Ke2 Rxe8 38. Qxe8 Qf6 39. Nd2 Qh4 40. Qe5+ Kf8 41. Ne4 Qh2+ 42. Kd3 Qh3 43. Qxf4+ Ke8 44. Nd6+ 1-0

[Event "Port of Burlington op"]
[Site "Burlington"]
[Date "2019.02.03"]
[Round "4"]
[White "Lodh, Anish"]
[Black "Reynolds, Robert I"]
[Result "0-1"]
[WhiteElo "1862"]
[BlackElo "2227"]
[PlyCount "50"]
[EventDate "2019.02.02"]
[EventType "swiss"]
[EventRounds "5"]
[EventCountry "USA"]
[SourceTitle "EXT 2020"]
[Source "ChessBase"]
[SourceDate "2019.10.17"]
[SourceVersion "1"]
[SourceVersionDate "2019.10.17"]
[SourceQuality "1"]

1. e4 c5 2. c3 e5 3. Nf3 Nc6 4. d4 cxd4 5. cxd4 exd4 6. Nxd4 Nf6 7. Nc3 Bb4 8. Nxc6 bxc6 9. Bd3 Qa5 10. Bd2 0-0 11. 0-0 Qe5 12. Re1 d6 13. Qc2 Ng4 14. g3 Qh5 15. h4 Bc5 16. Re2 Ne5 17. Bf4 Nf3+ 18. Kg2 Nd4 19. Qd2 Bg4 20. Ree1 Nf3 21. Qc1 Nxh4+ 22. gxh4 Bf3+ 23. Kg1 Qg4+ 24. Bg3 Qh3 25. Bf1 Qh1# 0-1

[Event "Port of Burlington op"]
[Site "Burlington"]
[Date "2019.02.02"]
[Round "1"]
[White "Alexander, Roger K"]
[Black "Lodh, Anish"]
[Result "0-1"]
[WhiteElo "1662"]
[BlackElo "1862"]
[PlyCount "84"]
[EventDate "2019.02.02"]
[EventType "swiss"]
[EventRounds "5"]
[EventCountry "USA"]
[SourceTitle "EXT 2020"]
[Source "ChessBase"]
[SourceDate "2019.10.17"]
[SourceVersion "1"]
[SourceVersionDate "2019.10.17"]
[SourceQuality "1"]

1. e4 e5 2. f4 d5 3. exd5 e4 4. d3 exd3 5. Bxd3 Qxd5 6. Nf3 Nf6 7. Nc3 Bb4 8. Bd2 Qe6+ 9. Qe2 Nc6 10. Nb5 Bxd2+ 11. Kxd2 Kd8 12. Qxe6 Bxe6 13. Nbd4 Nxd4 14. Nxd4 Bd7 15. Rae1 Re8 16. Rxe8+ Bxe8 17. Re1 g6 18. Bc4 a6 19. Re2 b5 20. Bb3 c5 21. Bxf7 Bxf7 22. Nc6+ Kc7 23. Ne5 Rd8+ 24. Kc1 Bd5 25. g3 Re8 26. Rd2 Be6 27. b3 Ne4 28. Rd3 Bf5 29. Re3 Nf6 30. Rf3 Ng4 31. Nxg4 Bxg4 32. Rf2 Re2 33. Rxe2 Bxe2 34. Kd2 Bf3 35. a3 Kd6 36. c3 Kd5 37. Ke3 Bd1 38. b4 cxb4 39. axb4 Kc4 40. Kd2 Bg4 41. Kc2 Bf5+ 42. Kb2 h5 0-1